<?xml version="1.0" encoding="UTF-8"?>
<record
    xmlns:xsi="http://www.w3.org/2001/XMLSchema-instance"
    xsi:schemaLocation="http://www.loc.gov/MARC21/slim http://www.loc.gov/standards/marcxml/schema/MARC21slim.xsd"
    xmlns="http://www.loc.gov/MARC21/slim">

  <leader>01118nam a22002657a 4500</leader>
  <controlfield tag="005">20170124103202.0</controlfield>
  <datafield tag="010" ind1=" " ind2=" ">
    <subfield code="a">A-762536</subfield>
  </datafield>
  <datafield tag="020" ind1=" " ind2=" ">
    <subfield code="c">85.00</subfield>
  </datafield>
  <datafield tag="035" ind1=" " ind2=" ">
    <subfield code="a">A-762536</subfield>
  </datafield>
  <datafield tag="037" ind1=" " ind2=" ">
    <subfield code="b">Cen Lib/Ret</subfield>
  </datafield>
  <datafield tag="040" ind1=" " ind2=" ">
    <subfield code="a">DPL</subfield>
    <subfield code="b">HN</subfield>
  </datafield>
  <datafield tag="082" ind1=" " ind2=" ">
    <subfield code="a">530</subfield>
    <subfield code="b">&#x905;&#x917;&#x94D;&#x930;&#x935;&#x93E; </subfield>
  </datafield>
  <datafield tag="100" ind1=" " ind2=" ">
    <subfield code="a">&#x905;&#x917;&#x94D;&#x930;&#x935;&#x93E;&#x932;, &#x91C;&#x940;.&#x91C;&#x940;.</subfield>
    <subfield code="9">92022</subfield>
  </datafield>
  <datafield tag="245" ind1=" " ind2=" ">
    <subfield code="a">&#x92D;&#x94C;&#x924;&#x93F;&#x915;&#x940; /</subfield>
    <subfield code="c">&#x91C;&#x940;.&#x91C;&#x940;. &#x905;&#x917;&#x94D;&#x930;&#x935;&#x93E;&#x932; [&#x90F;&#x935;&#x902;] &#x92A;&#x902;&#x915;&#x91C;&#x915;&#x941;&#x92E;&#x93E;&#x930; &#x936;&#x93F;&#x935;&#x93E;&#x938;&#x94D;&#x924;&#x935;  </subfield>
  </datafield>
  <datafield tag="246" ind1=" " ind2=" ">
    <subfield code="a">bhautiki /</subfield>
    <subfield code="b">by G.G. Agarval [evam] Pankajkumar Shreevastava </subfield>
  </datafield>
  <datafield tag="260" ind1=" " ind2=" ">
    <subfield code="a">&#x906;&#x917;&#x930;&#x93E; </subfield>
    <subfield code="b">&#x930;&#x93E;&#x92E; &#x92A;&#x94D;&#x930;&#x938;&#x93E;&#x926; &#x90F;&#x902;&#x921; &#x938;&#x902;&#x938; </subfield>
    <subfield code="c">1995</subfield>
  </datafield>
  <datafield tag="270" ind1=" " ind2=" ">
    <subfield code="b">&#x906;&#x917;&#x930;&#x93E; </subfield>
    <subfield code="a">&#x905;&#x938;&#x94D;&#x92A;&#x924;&#x93E;&#x932; &#x930;&#x94B;&#x921; </subfield>
    <subfield code="e">3 </subfield>
  </datafield>
  <datafield tag="300" ind1=" " ind2=" ">
    <subfield code="a">viii,194&#x92A;&#x943;.</subfield>
    <subfield code="c">22&#x938;&#x947;&#x92E;&#x940;(&#x938;&#x91C;&#x93F;&#x932;&#x94D;&#x926; ) </subfield>
  </datafield>
  <datafield tag="650" ind1=" " ind2=" ">
    <subfield code="a">&#x92D;&#x94C;&#x924;&#x93F;&#x915;&#x940; </subfield>
    <subfield code="x"> </subfield>
    <subfield code="z"> </subfield>
    <subfield code="9">92023</subfield>
  </datafield>
  <datafield tag="650" ind1=" " ind2=" ">
    <subfield code="a">&#x92D;&#x94C;&#x924;&#x93F;&#x915;&#x940;--&#x938;&#x926;&#x93F;&#x936; &#x930;&#x93E;&#x936;&#x940;&#x92F;&#x93E;&#x901;</subfield>
    <subfield code="9">43925</subfield>
  </datafield>
  <datafield tag="650" ind1=" " ind2=" ">
    <subfield code="a">Physics </subfield>
    <subfield code="9">92024</subfield>
  </datafield>
  <datafield tag="650" ind1=" " ind2=" ">
    <subfield code="a">Physics - Vector Rashiya</subfield>
    <subfield code="9">92025</subfield>
  </datafield>
  <datafield tag="700" ind1=" " ind2=" ">
    <subfield code="a">&#x936;&#x94D;&#x930;&#x940;&#x935;&#x93E;&#x938;&#x94D;&#x924;&#x935;, &#x92A;&#x902;&#x915;&#x91C;&#x915;&#x941;&#x92E;&#x93E;&#x930; </subfield>
    <subfield code="9">44241</subfield>
  </datafield>
  <datafield tag="942" ind1=" " ind2=" ">
    <subfield code="2">ddc</subfield>
    <subfield code="c">HN</subfield>
    <subfield code="h">530</subfield>
    <subfield code="m">&#x905;&#x917;&#x94D;&#x930;&#x935;&#x93E; </subfield>
  </datafield>
  <datafield tag="999" ind1=" " ind2=" ">
    <subfield code="c">120701</subfield>
    <subfield code="d">120701</subfield>
  </datafield>
  <datafield tag="952" ind1=" " ind2=" ">
    <subfield code="0">0</subfield>
    <subfield code="1">0</subfield>
    <subfield code="4">0</subfield>
    <subfield code="7">0</subfield>
    <subfield code="a">L</subfield>
    <subfield code="b">L</subfield>
    <subfield code="d">2015-09-28</subfield>
    <subfield code="e">Cen Lib/Ref</subfield>
    <subfield code="g">85.00</subfield>
    <subfield code="l">0</subfield>
    <subfield code="o">530 &#x905;&#x917;&#x94D;&#x930;&#x935;&#x93E;</subfield>
    <subfield code="p">A-762536</subfield>
    <subfield code="r">2015-09-28 00:00:00</subfield>
    <subfield code="t">1</subfield>
    <subfield code="v">85.00</subfield>
    <subfield code="w">2015-09-28</subfield>
    <subfield code="y">HN</subfield>
  </datafield>
</record>
